000 01305naa a2200313 c 4500
001 46309
003 ES-MaCES
005 20150925134801.0
008 150902s2015 sp ||||| t||||||| ||spa d
040 _aES-MaCES
_bspa
_cES-MaCES
_dES-MaCES
100 1 _935959
_aGranada Ferrero, Isabel
245 1 0 _aOrientación profesional de los grados
_b: el papel de las facultades de educación y formación
_cIsabel Granada Ferrero
500 _aResumen
504 _aBibliografía: p. 30
650 4 _927375
_asistema educativo
650 4 _927379
_aenseñanza superior
650 4 _927443
_agraduado universitario
650 4 _927465
_aorientación profesional
650 4 _929403
_adesarrollo de la carrera
650 4 _929286
_apersonal docente
650 4 _929288
_apersonal vinculado a la formación
650 4 _929972
_aformación de formadores
650 4 _926964
_aEspaña
653 1 0 _aEducación
650 4 _927434
_auniversidad
773 0 _983197
_dMadrid (Ctra. de Colmenar Viejo, Km. 15, Edificio Rectorado, 3ª Planta, 28049) Fundación General de la Universidad Autónoma de Madrid 1999-
_o086099
_tEncuentros multidisciplinares
_w(ES-MaCES)25807
_gvol. 17, n. 49 (en.-abr. 2015) {55/821 R. 086099} ;p. 21-30
902 _aARL Artículo de libro
942 _2CES
_cAR
_h4.0.
999 _c46309
_d46309